000 00660nam a22002537a 4500
003 OSt
005 20140310182943.0
008 130204t xxu||||| |||| 00| 0 eng d
020 _a9789710445653
050 _aHF 5691
_b.Si538 2010
100 _aSirug, Winston S.
245 _aMathematics of investment /
_cWinston S. Sirug.
260 _aIntramuros, Manila :
_bMindshapers,
_c2010.
300 _a335 p. :
_c22 cm.
521 _aBSBA
650 _aMathematics
_xProblems, exercises, etc
650 _aInvestments
942 _2lcc
_cBK
_kLOC
999 _c17758
_d17758